Topology from the differentiable viewpoint / (Record no. 29539)

000 -LEADER
fixed length control field 00580 a2200169 4500
020 ## - INTERNATIONAL STANDARD BOOK NUMBER
International Standard Book Number 0691048339
020 ## - INTERNATIONAL STANDARD BOOK NUMBER
International Standard Book Number 9780691048338
082 ## - DEWEY DECIMAL CLASSIFICATION NUMBER
Classification number 514.72
090 ## - LOCALLY ASSIGNED LC-TYPE CALL NUMBER (OCLC); LOCAL CALL NUMBER (RLIN)
-- 917
-- 917
100 1# - MAIN ENTRY--PERSONAL NAME
Personal name Milnor, John Willard.
245 10 - TITLE STATEMENT
Title Topology from the differentiable viewpoint /
Statement of responsibility, etc. John Willard Milnor.
260 ## - PUBLICATION, DISTRIBUTION, ETC.
Place of publication, distribution, etc. [S.l.] :
Name of publisher, distributor, etc. Princeton University Press,
Date of publication, distribution, etc. 1965
300 ## - PHYSICAL DESCRIPTION
Extent 76 p. ;
Dimensions 23 cm.
700 ## - ADDED ENTRY--PERSONAL NAME
Personal name Milnor, John Willard.
942 ## - ADDED ENTRY ELEMENTS (KOHA)
Institution code [OBSOLETE] SNS
Koha item type Book
Call number prefix 514.72 MIL
Holdings
Withdrawn status Lost status Damaged status Not for loan Permanent Location Current Location Date acquired Total Checkouts Full call number Barcode Date last seen Price effective from Koha item type
        School of Natural Sciences (SNS) School of Natural Sciences (SNS) 05/26/2016   514.72 MIL SNS0001087 11/22/2022 05/26/2016 Book
© 2023 Central Library, National University of Sciences and Technology. All Rights Reserved.